[Event "ITA-chT 50th"]
[Site "Gallipoli"]
[Date "2018.04.27"]
[Round "1.3"]
[White "Malloni, Marcello"]
[Black "Morozov, Nichita"]
[Result "1/2-1/2"]
[WhiteElo "2302"]
[BlackElo "2443"]
[PlyCount "102"]
[EventDate "2018.04.27"]
[EventType "team-swiss"]
[EventRounds "7"]
[EventCountry "ITA"]
[SourceTitle "CBM 184 Extra"]
[Source "ChessBase"]
[SourceDate "2018.06.28"]
[SourceVersion "1"]
[SourceVersionDate "2018.06.28"]
[SourceQuality "1"]
[WhiteTeam "Milan Accademia"]
[BlackTeam "Montebelluna Master"]
[WhiteTeamCountry "ITA"]
[BlackTeamCountry "ITA"]

1. e4 d6 2. d4 Nf6 3. Nc3 g6 4. Nf3 Bg7 5. Be2 a6 6. 0-0 0-0 7. Re1 Bg4 8. Be3 Nc6 9. h3 Bxf3 10. Bxf3 e5 11. d5 Ne7 12. Qd3 Nd7 13. a4 a5 14. Nb5 b6 15. Qc4 Nc5 16. c3 Na6 17. b4 f5 18. Rab1 fxe4 19. Bxe4 Nf5 20. Bd2 Kh8 21. Re2 Qd7 22. Rd1 Qf7 23. Be1 Bh6 24. Rd3 Qd7 25. Rf3 Rae8 26. Rb2 Ra8 27. Rd3 Qf7 28. Rf3 Qd7 29. Rd3 Bg5 30. g3 Qf7 31. Rf3 Qd7 32. Kh2 Bh6 33. Re2 Bg7 34. Bd3 Rf7 35. Be4 Raf8 36. Kg2 Bh6 37. Rb2 Bc1 38. Rb1 Bh6 39. Na7 Nb8 40. bxa5 bxa5 41. Rb7 Qd8 42. h4 Nd7 43. Nc6 Qc8 44. Rb5 Bg7 45. Rxa5 Nc5 46. Rxc5 dxc5 47. Qd3 c4 48. Qxc4 Nd6 49. Qe2 Qg4 50. Re3 Qd7 51. c4 Nf5 1/2-1/2

[Event "ITA-chT 48th"]
[Site "Civitanova Marche"]
[Date "2016.04.28"]
[Round "2.1"]
[White "Mogranzini, Roberto"]
[Black "Malloni, Marcello"]
[Result "1-0"]
[WhiteElo "2510"]
[BlackElo "2344"]
[PlyCount "33"]
[EventDate "2016.04.27"]
[EventType "team-swiss"]
[EventRounds "7"]
[EventCountry "ITA"]
[SourceTitle "CBM 172 Extra"]
[Source "ChessBase"]
[SourceDate "2016.06.21"]
[SourceVersion "1"]
[SourceVersionDate "2016.06.21"]
[SourceQuality "1"]
[WhiteTeam "Padova Obiettivo"]
[BlackTeam "Milan Accademia"]
[WhiteTeamCountry "ITA"]
[BlackTeamCountry "ITA"]

1. Nf3 Nf6 2. c4 e6 3. g3 d5 4. Bg2 Be7 5. 0-0 0-0 6. b3 c5 7. cxd5 Nxd5 8. Bb2 Nc6 9. d4 cxd4 10. Nxd4 Bd7 11. Na3 Rc8 12. Nc4 a6 13. Rc1 b5 14. Nxc6 Bxc6 15. Ne5 Bb7 16. Qd4 Qb6 17. Qxb6 1-0

[Event "Barcelona Sants op 15th"]
[Site "Barcelona"]
[Date "2013.08.30"]
[Round "8"]
[White "Malloni, Marcello"]
[Black "Lorenzo de la Riva, Lazaro"]
[Result "0-1"]
[WhiteElo "2358"]
[BlackElo "2449"]
[PlyCount "50"]
[EventDate "2013.08.23"]
[EventType "swiss"]
[EventRounds "10"]
[EventCountry "ESP"]
[SourceTitle "EXT 2014"]
[Source "ChessBase"]
[SourceDate "2013.11.20"]
[SourceVersion "1"]
[SourceVersionDate "2013.11.20"]
[SourceQuality "1"]

1. d4 Nf6 2. c4 c5 3. d5 e6 4. Nc3 exd5 5. cxd5 d6 6. e4 g6 7. f3 Bg7 8. Bg5 0-0 9. Qd2 b6 10. Nge2 Ba6 11. a4 Bxe2 12. Bxe2 a6 13. 0-0 Nbd7 14. Rab1 Qc7 15. Rfd1 Rfc8 16. b3 Qd8 17. Qe1 h6 18. Be3 Ne8 19. Kh1 Nc7 20. b4 Ne8 21. Bd2 Ra7 22. Qf1 cxb4 23. Rxb4 Rac7 24. Na2 Rc2 25. Bxa6 R8c7 0-1

[Event "Barcelona Sants op 15th"]
[Site "Barcelona"]
[Date "2013.08.28"]
[Round "6"]
[White "Malloni, Marcello"]
[Black "Bailet, Pierre"]
[Result "0-1"]
[WhiteElo "2358"]
[BlackElo "2474"]
[PlyCount "88"]
[EventDate "2013.08.23"]
[EventType "swiss"]
[EventRounds "10"]
[EventCountry "ESP"]
[SourceTitle "EXT 2014"]
[Source "ChessBase"]
[SourceDate "2013.11.20"]
[SourceVersion "1"]
[SourceVersionDate "2013.11.20"]
[SourceQuality "1"]

1. e4 e5 2. Bc4 Nf6 3. d3 Be7 4. Nf3 Nc6 5. 0-0 0-0 6. Re1 d6 7. c3 Na5 8. Bb5 a6 9. Ba4 b5 10. Bc2 c5 11. Nbd2 Re8 12. Nf1 h6 13. Ng3 Bf8 14. d4 Qc7 15. h3 Bd7 16. dxe5 dxe5 17. Nh2 Be7 18. Qf3 Nh7 19. Nf5 Bg5 20. Ng4 Bxf5 21. exf5 Nf6 22. Bxg5 hxg5 23. Nxe5 Rad8 24. Ng4 Nc4 25. b3 Ne5 26. Nxe5 Rxe5 27. Rad1 Rd2 28. Rxe5 Qxe5 29. Rxd2 Qe1+ 30. Kh2 Qxd2 31. Bb1 Qb2 32. Be4 Qxa2 33. Bb7 Qxb3 34. Bxa6 b4 35. Qa8+ Kh7 36. cxb4 cxb4 37. Qb7 Qa2 38. Bd3 Qd2 39. Ba6 Qa2 40. Bd3 Qd2 41. Ba6 g4 42. hxg4 Qf4+ 43. Kh3 Qxg4+ 44. Kh2 Qf4+ 0-1

[Event "Porto San Giorgio op 23rd"]
[Site "Porto San Giorgio"]
[Date "2011.08.24"]
[Round "5"]
[White "Ciampi, Vincenzo"]
[Black "Malloni, Marcello"]
[Result "1/2-1/2"]
[WhiteElo "2101"]
[BlackElo "2293"]
[PlyCount "117"]
[EventDate "2011.08.21"]
[EventType "swiss"]
[EventRounds "9"]
[EventCountry "ITA"]
[SourceTitle "CBM 144 Extra"]
[Source "ChessBase"]
[SourceDate "2011.10.28"]
[SourceVersion "1"]
[SourceVersionDate "2011.10.28"]
[SourceQuality "1"]

1. d4 Nf6 2. c4 e6 3. Nf3 Bb4+ 4. Nbd2 b6 5. g3 Bb7 6. Bg2 0-0 7. 0-0 Be7 8. Qc2 d5 9. cxd5 exd5 10. Rd1 Nbd7 11. Ne5 c5 12. e3 Re8 13. Ndf3 Bd6 14. Nxd7 Qxd7 15. dxc5 bxc5 16. b3 Qe6 17. Bb2 Ne4 18. Re1 Rac8 19. Rad1 Qf5 20. Nh4 Qe6 21. Nf3 Bf8 22. Nd2 Nf6 23. Bxf6 Qxf6 24. e4 Qg6 25. Rc1 Rcd8 26. e5 Qb6 27. Nf3 h6 28. Rcd1 a5 29. Nh4 a4 30. Rb1 Bc6 31. Nf5 axb3 32. axb3 g6 33. Nh4 Bb7 34. Bh3 Bc8 35. Bf1 Bg7 36. f4 Be6 37. Qf2 Qc7 38. Bg2 Qd7 39. Nf3 Bf8 40. Kh1 Rb8 41. Nh4 Rb4 42. Rf1 Reb8 43. Qc2 c4 44. bxc4 Rxb1 45. Rxb1 Rxb1+ 46. Qxb1 dxc4 47. Be4 c3 48. Nf3 Kg7 49. Qd3 Qa4 50. h4 h5 51. Nd4 Qa1+ 52. Qb1 Qxb1+ 53. Bxb1 Bd5+ 54. Kh2 Bb4 55. Bc2 Kf8 56. Nb3 Ke7 57. Kg1 Ke6 58. Kf2 Bxb3 59. Bxb3+ 1/2-1/2

[Event "NATO-ch 22nd"]
[Site "Kaunas"]
[Date "2011.08.09"]
[Round "3"]
[White "Tucker, David Sidney"]
[Black "Malloni, Marcello"]
[Result "0-1"]
[WhiteElo "2096"]
[BlackElo "2293"]
[PlyCount "120"]
[EventDate "2011.08.08"]
[EventType "swiss"]
[EventRounds "7"]
[EventCountry "LTU"]
[SourceTitle "CBM 143 Extra"]
[Source "ChessBase"]
[SourceDate "2011.08.29"]
[SourceVersion "1"]
[SourceVersionDate "2011.08.29"]
[SourceQuality "1"]

1. e4 e5 2. Nf3 Nc6 3. Bb5 Nf6 4. 0-0 Nxe4 5. Re1 Nd6 6. Nxe5 Be7 7. Bd3 Nxe5 8. Rxe5 0-0 9. Nc3 Ne8 10. b3 Bf6 11. Re1 c6 12. Ba3 d6 13. Rb1 Be6 14. Ne4 Be7 15. Ng3 d5 16. Bxe7 Qxe7 17. a4 a5 18. c4 Nf6 19. cxd5 Nxd5 20. Bf5 Nc7 21. Qg4 g6 22. b4 axb4 23. Bxe6 Nxe6 24. Rxb4 Rfd8 25. Nf1 Ra5 26. Reb1 Rd7 27. Qg3 Rad5 28. Qb8+ Nd8 29. Qg3 Rd3 30. Qf4 Kg7 31. h3 R3d5 32. Qf3 Ne6 33. Qg3 Kg8 34. Qb8+ Nd8 35. Qg3 Rd3 36. Qf4 Kg7 37. Qb8 Qf6 38. Qf4 Qxf4 39. Rxf4 R7d4 40. Rxd4 Rxd4 41. Ra1 Ne6 42. a5 Nc5 43. f3 Kf6 44. Kf2 Ke5 45. Ra3 Kd6 46. Ke3 Rb4 47. Ng3 Rb3+ 48. Rxb3 Nxb3 49. Ne4+ Ke7 50. a6 bxa6 51. Kd3 f5 52. Nf2 Kd6 53. Kc3 Nc5 54. Kc4 a5 55. g4 Nd7 56. f4 Nb6+ 57. Kd4 c5+ 58. Ke3 Nd5+ 59. Kf3 a4 60. Nd3 a3 0-1

[Event "ITA-ch sf 71st"]
[Site "Acqui Terme"]
[Date "2011.07.24"]
[Round "9"]
[White "Malloni, Marcello"]
[Black "Rombaldoni, Andrea"]
[Result "1/2-1/2"]
[WhiteElo "2285"]
[BlackElo "2237"]
[PlyCount "20"]
[EventDate "2011.07.17"]
[EventType "swiss"]
[EventRounds "9"]
[EventCountry "ITA"]
[SourceTitle "EXT 2013"]
[Source "ChessBase"]
[SourceDate "2012.11.22"]
[SourceVersion "1"]
[SourceVersionDate "2012.11.22"]
[SourceQuality "1"]

1. Nf3 d5 2. d4 Nf6 3. c4 e6 4. Nc3 Be7 5. Bg5 h6 6. Bh4 0-0 7. e3 a6 8. Rc1 dxc4 9. Bxc4 b5 10. Bd3 Bb7 1/2-1/2

[Event "ITA-ch sf 71st"]
[Site "Acqui Terme"]
[Date "2011.07.23"]
[Round "8"]
[White "Piscopo, Pierluigi"]
[Black "Malloni, Marcello"]
[Result "1/2-1/2"]
[WhiteElo "2406"]
[BlackElo "2285"]
[PlyCount "97"]
[EventDate "2011.07.17"]
[EventType "swiss"]
[EventRounds "9"]
[EventCountry "ITA"]
[SourceTitle "EXT 2013"]
[Source "ChessBase"]
[SourceDate "2012.11.22"]
[SourceVersion "1"]
[SourceVersionDate "2012.11.22"]
[SourceQuality "1"]

1. e4 e5 2. Nf3 Nc6 3. Bc4 Bc5 4. c3 Nf6 5. b4 Bb6 6. d3 d6 7. 0-0 0-0 8. Nbd2 a6 9. Bb3 d5 10. exd5 Nxd5 11. Ne4 Bf5 12. Bg5 Qd7 13. a3 Kh8 14. c4 Nf4 15. Bxf4 exf4 16. c5 Ba7 17. Qc1 Qxd3 18. Bc2 Qc4 19. Qxf4 Bg6 20. Rac1 Rae8 21. Bb1 Qe6 22. Rfe1 Ne5 23. Neg5 Qf6 24. Qg3 Nxf3+ 25. Nxf3 Bb8 26. Bxg6 fxg6 27. Rxe8 Rxe8 28. Re1 Rxe1+ 29. Nxe1 Qf8 30. Qd3 Qe8 31. Nf3 c6 32. g3 Bc7 33. Ng5 a5 34. Qb3 h6 35. Qe6 Qxe6 36. Nxe6 axb4 37. axb4 Be5 38. Nd8 Bc3 39. Nxb7 Bxb4 40. Kf1 Kg8 41. Ke2 Kf7 42. Nd8+ Kf6 43. Nxc6 Bxc5 44. f4 Bd6 45. Nd4 g5 46. fxg5+ Kxg5 47. Kf3 Kf6 48. Ke4 g6 49. Ne2 1/2-1/2

[Event "Cento op 1st"]
[Site "Cento"]
[Date "2011.02.09"]
[Round "5"]
[White "Vezzani, Stefano"]
[Black "Malloni, Marcello"]
[Result "0-1"]
[WhiteElo "2168"]
[BlackElo "2285"]
[PlyCount "48"]
[EventDate "2011.02.05"]
[EventType "swiss"]
[EventRounds "9"]
[EventCountry "ITA"]
[SourceTitle "CBM 140 Extra"]
[Source "ChessBase"]
[SourceDate "2011.03.01"]
[SourceVersion "1"]
[SourceVersionDate "2011.03.01"]
[SourceQuality "1"]

1. f4 d5 2. Nf3 Bg4 3. e3 Nd7 4. h3 Bxf3 5. Qxf3 Ngf6 6. g4 c6 7. g5 Ne4 8. d3 Nd6 9. e4 e6 10. Be3 Qa5+ 11. Nc3 Nb5 12. Bd2 Nxc3 13. bxc3 0-0-0 14. e5 d4 15. c4 Bb4 16. Qe2 h6 17. gxh6 Rxh6 18. Bxb4 Qxb4+ 19. Kf2 Rh4 20. Kg3 Qe7 21. Bg2 g5 22. Rab1 gxf4+ 23. Kf2 Qg5 24. Rhe1 Rg8 0-1

[Event "Porto San Giorgio op-A 21st"]
[Site "Porto San Giorgio"]
[Date "2009.08.29"]
[Round "9"]
[White "Malloni, Marcello"]
[Black "Rinaudo, Andrea"]
[Result "1-0"]
[WhiteElo "2271"]
[BlackElo "2101"]
[PlyCount "55"]
[EventDate "2009.08.21"]
[EventType "swiss"]
[EventRounds "9"]
[EventCountry "ITA"]
[SourceTitle "CBM 131 Extra"]
[Source "ChessBase"]
[SourceDate "2009.09.03"]
[SourceVersion "2"]
[SourceVersionDate "2009.09.16"]
[SourceQuality "1"]

1. d4 Nf6 2. c4 e6 3. Nf3 d5 4. g3 Be7 5. Bg2 0-0 6. 0-0 dxc4 7. Qa4 Bd7 8. Qxc4 Bc6 9. Nc3 Nbd7 10. Rd1 a6 11. Bf4 h6 12. Rac1 Bd6 13. a3 Qe7 14. Qb3 Bxf4 15. gxf4 Qd6 16. e3 Rab8 17. Qc2 g6 18. Kh1 Ng4 19. h3 Ngf6 20. Rg1 Kh8 21. Ne5 Bxg2+ 22. Rxg2 Qe7 23. Ne4 Nxe4 24. Qxe4 Nxe5 25. Qxe5+ Kh7 26. Rxc7 Qe8 27. Qf6 b5 28. Qxg6+ 1-0

[Event "Porto San Giorgio op-A 21st"]
[Site "Porto San Giorgio"]
[Date "2009.08.28"]
[Round "8"]
[White "Jones, Gawain C B"]
[Black "Malloni, Marcello"]
[Result "1-0"]
[WhiteElo "2554"]
[BlackElo "2271"]
[PlyCount "79"]
[EventDate "2009.08.21"]
[EventType "swiss"]
[EventRounds "9"]
[EventCountry "ITA"]
[SourceTitle "CBM 131 Extra"]
[Source "ChessBase"]
[SourceDate "2009.09.03"]
[SourceVersion "2"]
[SourceVersionDate "2009.09.16"]
[SourceQuality "1"]

1. e4 e5 2. Nf3 Nc6 3. d4 exd4 4. Nxd4 Bb4+ 5. c3 Bc5 6. Be3 Bb6 7. Qg4 Qf6 8. Qg3 Qg6 9. Nf5 Qxg3 10. hxg3 Bxe3 11. Nxe3 Nf6 12. f3 d6 13. c4 Be6 14. Nc3 0-0-0 15. g4 h6 16. 0-0-0 Rhe8 17. Be2 Ne5 18. Nb5 a6 19. Nd4 Nc6 20. Ndf5 Bxf5 21. Nxf5 Rg8 22. c5 dxc5 23. Bc4 Rxd1+ 24. Rxd1 Rd8 25. Bxf7 Rxd1+ 26. Kxd1 Nd8 27. Bg6 Ne6 28. e5 Nd5 29. Bf7 Kd7 30. Nxg7 Nef4 31. Nf5 Ne7 32. g3 Nd3 33. f4 Nxb2+ 34. Kc2 Na4 35. Nxh6 b5 36. g5 c4 37. g6 Nc6 38. g7 Nb4+ 39. Kb1 Nc3+ 40. Ka1 1-0

[Event "Porto San Giorgio op-A 21st"]
[Site "Porto San Giorgio"]
[Date "2009.08.22"]
[Round "2"]
[White "Epishin, Vladimir"]
[Black "Malloni, Marcello"]
[Result "1-0"]
[WhiteElo "2592"]
[BlackElo "2271"]
[PlyCount "47"]
[EventDate "2009.08.21"]
[EventType "swiss"]
[EventRounds "9"]
[EventCountry "ITA"]
[SourceTitle "CBM 131 Extra"]
[Source "ChessBase"]
[SourceDate "2009.09.03"]
[SourceVersion "2"]
[SourceVersionDate "2009.09.16"]
[SourceQuality "1"]

1. c4 Nf6 2. Nc3 e5 3. Nf3 Nc6 4. e3 Bb4 5. Qc2 0-0 6. Nd5 Re8 7. Bd3 h6 8. 0-0 Bf8 9. a3 d6 10. Nxf6+ Qxf6 11. Be4 Ne7 12. d4 Qe6 13. Bd3 Ng6 14. d5 Qf6 15. Nd2 a5 16. Ne4 Qd8 17. Ng3 Be7 18. Bxg6 fxg6 19. Qxg6 Rf8 20. Nh5 Rf7 21. e4 Bg5 22. f4 exf4 23. Bxf4 Bxf4 24. Rxf4 1-0

[Event "Porto San Giorgio op 18th"]
[Site "Porto San Giorgio"]
[Date "2006.08.26"]
[Round "6"]
[White "Miezis, Normunds"]
[Black "Malloni, Marcello"]
[Result "1-0"]
[WhiteElo "2527"]
[BlackElo "2276"]
[PlyCount "145"]
[EventDate "2006.08.21"]
[EventType "swiss"]
[EventRounds "9"]
[EventCountry "ITA"]
[SourceTitle "CBM 113 Extra"]
[Source "ChessBase"]
[SourceDate "2006.09.14"]
[SourceVersion "1"]
[SourceVersionDate "2006.09.14"]
[SourceQuality "1"]

1. c4 e6 2. e4 d5 3. exd5 exd5 4. d4 Nf6 5. Nc3 Bb4 6. Bd3 dxc4 7. Bxc4 0-0 8. Nf3 Re8+ 9. Be3 Be6 10. Bxe6 Rxe6 11. 0-0 Nc6 12. Bg5 Bxc3 13. bxc3 Na5 14. Bxf6 gxf6 15. Ne1 Qd6 16. Nd3 Rae8 17. Qf3 Kh8 18. Nf4 Re4 19. Nh5 R8e6 20. d5 Re7 21. g3 f5 22. Qxf5 R4e5 23. Qf3 Qg6 24. Nf4 Qf5 25. Rad1 Re4 26. Qd3 Qe5 27. Ng2 b6 28. Ne3 Nb7 29. Nc4 Qf6 30. d6 Nxd6 31. Nxd6 Qxd6 32. Qxd6 cxd6 33. Rxd6 Re2 34. a4 Ra2 35. Rd4 Rc7 36. Re1 Kg7 37. Re8 Rc2 38. Rg4+ Kf6 39. Rh8 R2xc3 40. Rxh7 Rf3 41. Rh6+ Ke7 42. Kg2 Rf5 43. Re4+ Kf8 44. g4 Rfc5 45. Rh8+ Kg7 46. Ree8 Ra5 47. Kg3 Rxa4 48. f4 Rc3+ 49. Kh4 f6 50. Reg8+ Kf7 51. Ra8 Rxf4 52. Rxa7+ Kg6 53. Rg8+ Kh6 54. Rgg7 f5 55. h3 fxg4 56. hxg4 Rfc4 57. Rgb7 Rb3 58. Re7 Rc6 59. Rh7+ Kg6 60. Rag7+ Kf6 61. Kh5 Rc1 62. g5+ Ke6 63. Kg6 Rg1 64. Rd7 Ke5 65. Rhf7 Rg2 66. Rf5+ Ke4 67. Rd6 Ke3 68. Kf6 Rb1 69. g6 b5 70. Re5+ Kf4 71. Rd4+ Kf3 72. Rd3+ Kf4 73. Red5 1-0

[Event "Porto San Giorgio op 14th"]
[Site "Porto San Giorgio"]
[Date "2002.08.28"]
[Round "9"]
[White "Mrdja, Milan"]
[Black "Malloni, Marcello"]
[Result "1-0"]
[WhiteElo "2370"]
[BlackElo "2261"]
[PlyCount "77"]
[EventDate "2002.08.20"]
[EventType "swiss"]
[EventRounds "9"]
[EventCountry "ITA"]
[SourceTitle "CBM 089 Extra"]
[Source "ChessBase"]
[SourceDate "2002.09.10"]
[SourceVersion "2"]
[SourceVersionDate "2002.09.10"]
[SourceQuality "1"]

1. e4 e6 2. d4 d5 3. Nc3 Bb4 4. e5 c5 5. a3 Bxc3+ 6. bxc3 Ne7 7. Qg4 Kf8 8. Qd1 Qa5 9. Bd2 Qa4 10. Qb1 c4 11. Nf3 Nbc6 12. g3 h6 13. Bh3 Ke8 14. 0-0 Kd8 15. Ne1 Kc7 16. Ng2 Bd7 17. Qc1 Raf8 18. Re1 Kb8 19. Ne3 Ka8 20. Nd1 Rhg8 21. Re2 Rh8 22. Nb2 Qa5 23. Qe1 Nc8 24. f3 Nb6 25. a4 Ne7 26. Rf2 Nxa4 27. Nxa4 Bxa4 28. Bc1 Rb8 29. Ba3 Nc8 30. f4 g6 31. g4 Qd8 32. f5 g5 33. fxe6 fxe6 34. Bg2 Bd7 35. Qc1 b6 36. Qf1 Rb7 37. Rf8 Rxf8 38. Qxf8 Be8 39. Qxh6 1-0